Aktivizace geriatrických pacientů v léčebnách dlouhodobě nemocných / Veronika Nová
Record details
- ISBN: 978-80-271-5305-3
- Physical Description: 179 stran : ilustrace ; 24 cm
- Edition: 1. vydání
- Publisher: Praha : Grada Publishing, 2024
Content descriptions
| Bibliography, etc. Note: | Obsahuje bibliografii, bibliografické odkazy a rejstřík |
Search for related items by subject
| Subject: | péče o seniory zařízení sociální péče ošetřovatelská péče aktivizace seniorů geriatrie older people's care residential care facilities nursing care activation of seniors geriatrics |
| Genre: | monografie monographs |
| LDR | 01681nam a2200493 i 4500 | ||
|---|---|---|---|
| 001 | 58282 | ||
| 003 | CZ-PrJAB | ||
| 005 | 20241121120553.0 | ||
| 007 | ta | ||
| 008 | 241029s2024 xr a f 001 0 cze | ||
| 015 | . | ‡acnb003639830 | |
| 020 | . | ‡a978-80-271-5305-3 ‡q(brožováno) : ‡cKč 349,00 | |
| 035 | . | ‡a(CZ PrNK)nkc20243639830 | |
| 040 | . | ‡aBOA001 ‡bcze ‡dOLA001 ‡erda | |
| 072 | 7. | ‡a616-053.9 ‡xGeriatrie ‡2Konspekt ‡914 | |
| 080 | . | ‡a364.4-053.9 ‡2MRF | |
| 080 | . | ‡a364-5 ‡2MRF | |
| 080 | . | ‡a616-083 ‡2MRF | |
| 080 | . | ‡a364-787-026.12-053.9 ‡2MRF | |
| 080 | . | ‡a616-053.9 ‡2MRF | |
| 080 | . | ‡a(048.8) ‡2MRF | |
| 100 | 1 | . | ‡aNová, Veronika ‡4aut |
| 245 | 1 | 0. | ‡aAktivizace geriatrických pacientů v léčebnách dlouhodobě nemocných / ‡cVeronika Nová |
| 250 | . | ‡a1. vydání | |
| 264 | 1. | ‡aPraha : ‡bGrada Publishing, ‡c2024 | |
| 300 | . | ‡a179 stran : ‡bilustrace ; ‡c24 cm | |
| 336 | . | ‡atext ‡btxt ‡2rdacontent | |
| 337 | . | ‡abez média ‡bn ‡2rdamedia | |
| 338 | . | ‡asvazek ‡bnc ‡2rdacarrier | |
| 504 | . | ‡aObsahuje bibliografii, bibliografické odkazy a rejstřík | |
| 650 | 0 | 7. | ‡apéče o seniory ‡7ph421549 ‡2czenas |
| 650 | 0 | 7. | ‡azařízení sociální péče ‡7ph125819 ‡2czenas |
| 650 | 0 | 7. | ‡aošetřovatelská péče ‡7ph162660 ‡2czenas |
| 650 | 0 | 7. | ‡aaktivizace seniorů ‡7ph935167 ‡2czenas |
| 650 | 0 | 7. | ‡ageriatrie ‡7ph120550 ‡2czenas |
| 650 | 0 | 9. | ‡aolder people's care ‡2eczenas |
| 650 | 0 | 9. | ‡aresidential care facilities ‡2eczenas |
| 650 | 0 | 9. | ‡anursing care ‡2eczenas |
| 650 | 0 | 9. | ‡aactivation of seniors ‡2eczenas |
| 650 | 0 | 9. | ‡ageriatrics ‡2eczenas |
| 655 | 7. | ‡amonografie ‡7fd132842 ‡2czenas | |
| 655 | 9. | ‡amonographs ‡2eczenas | |
| 910 | . | ‡aABG312 | |
| 995 | . | ‡aska | |
| 901 | . | ‡a58282 ‡bAUTOGEN ‡c58282 ‡tbiblio | |